Statistics for Click on the Male Singers Real Name

Click here to take the quiz!

General Stats

  • This quiz has been taken 107 times
  • The average score is 8 of 15

Answer Stats

HintAnswer% Correct
EminemMarshall Mathers
83%
David BowieDavid Jones
82%
Elton JohnReginald Dwight
72%
Kenny GKenneth Gorelick
71%
Stevie WonderStevland Morris
71%
Jay-ZShawn Carter
68%
Bob DylanRobert Zimmerman
67%
Bruno MarsPeter Hernandez
56%
Johnny HallydayJean-Philippe Smet
53%
DrakeAubrey Graham
42%
John DenverHenry Deutschendorf Jr.
35%
Flo RidaTramar Dillard
35%
Conway TwittyHarold Jenkins
29%
Bo DiddlyEllas McDaniel
22%
Tupac ShakurLesane Crooks
21%

Score Distribution

Percentile by Number Answered

Percent of People with Each Score

Your Score History

You have not taken this quiz